| 000 | 01531nam a2200361 i 4500 | ||
|---|---|---|---|
| 003 | EG-GICUC | ||
| 005 | 20260121101339.0 | ||
| 008 | 251124b1972 ua ||||f |||| 00| 0 ara d | ||
| 040 |
_a EG-GICUC _c EG-GICUC _d EG-GICUC _erda _bara |
||
| 041 | _aara | ||
| 082 | 0 | 4 |
_221 _a345.2062 _bع ل . إ |
| 092 | 0 | 4 | _221 |
| 099 | _aLaw1 07 345.2062 ع ل . إ 1972 | ||
| 100 | 0 |
_aعلي عبد المجيد عبده _eمؤلف. |
|
| 245 | 1 | 0 |
_aإشتراك العاملين في الإدارة : _bمع تطبيق خاص على جمهورية مصر العربية / _cإعداد د. علي عبد المجيد عبده . |
| 264 | 1 |
_aالقاهرة : _bجامعة الدول العربية-المنظمة العربية للعلوم الإدارية، مركز البحوث الإدارية، _c1972. |
|
| 300 |
_a56 صفحة : _c24 سم. _bجداول ؛ |
||
| 336 |
_2rda content _atext |
||
| 337 |
_2rda media _aComputer |
||
| 338 |
_2rda carrier _aOnline Resource |
||
| 490 | _v136 | ||
| 500 | _aيتضمن قائمة تصويب الأخطاء | ||
| 504 | _aيشتمل على إرجاعات ببليوجرافية. | ||
| 546 | _aالنص باللغة العربية | ||
| 650 | 1 | 4 |
_2qrmak _aالقانون الإداري |
| 650 | 1 | 4 |
_2qrmak _aالموظفون والمستخدمون |
| 650 | 1 | 4 |
_2qrmak _aالموظفون _xالتمثيل في الإدارة |
| 651 | 1 | 4 |
_2qrmak _aمصر |
| 830 | _0 | ||
| 856 | 4 | 0 | _uhttps://fll.law.cu.edu.eg/fulltext/bks/B07-00175.pdf |
| 905 | _aWesam Mahmoud | ||
| 942 |
_2ddc _n0 _cBK _e21 |
||
| 999 |
_c45749 _d45749 |
||